| 000 | 00542nam a2200169 4500 | ||
|---|---|---|---|
| 001 | 121066 | ||
| 003 | ES-MaACL | ||
| 005 | 20230906191659.0 | ||
| 007 | t| | ||
| 008 | 070214s1958 sp r ||||1| spa d | ||
| 100 | 1 |
_aPrenzlow, C. _993766 |
|
| 245 | 1 | 0 |
_aCálculo de estructuras por el método de Cross / _cC. Prenzlow ; versión de la 3ª edición alemana por Gerardo Metzger. |
| 260 |
_aBarcelona : _bGustavo Gili, _c1958. |
||
| 300 |
_a172 p. : _bil. ; _c21 cm. |
||
| 700 | 1 |
_aMetzger, G. _980749 |
|
| 852 |
_aES-MaACL _jC-13641 _bR.41475 |
||
| 999 |
_c121066 _d121066 |
||